000 02579nam a2200397 i 4500
001 196912
003 ES-MaACL
005 20250811065744.0
008 250128e2024 sp a|||| |||| 00| 0 spa d
024 7 _a151-24-031-7
_2nipo
040 _bspa
_cES-MaACL
080 _a001.891
080 _a7.05
245 0 0 _aPrimer Foro Iberoamericano de Investigación y Diseño
246 1 _aI Foro Iberoamericano de Investigación y Diseño
260 _aMadrid :
_bMinisterio de Ciencia, Innovación y Universidades, Secretaría General de Innovación,
_c2024
300 _a3 volúmenes (217 ; 183 ; 235 páginas) :
_bfotografías (blanco y negro y color), ilustraciones (blanco y negro y color) ;
_c24 cm
336 _2rdacontent
_atexto
337 _2rdamedia
_asin mediación
338 _2rdacarrier
_avolumen
500 _aÍndice
505 0 _aVol. 1. El diseño en el Foro - v. 2-3. Proyectos de investigación
520 _aEl diseño y la investigación de Iberoamérica necesitan un impulso coordinado y urgente. Sólo así podrán jugar el papel que les corresponde, de activadores de la economía y el desarrollo social de nuestros países. Activar este potencial de la investigación y el diseño es esencial para crear comunidad, no sólo para los investigadores y los profesionales del diseño, sino para las universidades, las empresas, las instituciones públicas y para el conjunto de la sociedad. Esta activación puede convertir en un caudal el intenso trabajo que los profesionales y las redes de investigación vienen desarrollando en los últimos años
530 _aDisponible en formato digital
650 4 _aInvestigación-
_vCongresos y asambleas
_9241535
650 4 _aDiseño-
_vCongresos y asambleas
_9241536
710 1 _aEspaña.
_bMinisterio de Ciencia, Innovación y Universidades
_eedt
_9241600
852 _aES-MaACL
_cDEPOJ
_hDonación Ministerio de Ciencia, Innovación y Universidades
_jN-10319
_pv. 1
_9204585
852 _aES-MaACL
_cDEPOJ
_hDonación Ministerio de Ciencia, Innovación y Universidades
_jN-10320
_pv. 2
_9204586
852 _aES-MaACL
_cDEPOJ
_hDonación Ministerio de Ciencia, Innovación y Universidades
_jN-10321
_pv. 3
_9204587
856 4 _uhttps://www.ciencia.gob.es/InfoGeneralPortal/detalle-publicacion/MICIU/Primer-foro-iberoamericano-de-investigacion-y-diseno.html
_yVersión en línea
_z(Ministerio de Ciencia, Innovación y Universidades)
942 _cMONOGRAFIA
_n0
999 _c196912
_d196912